Filling up your think tank / (Record no. 3876)

MARC details
000 -LEADER
fixed length control field 00598nam a22002177a 4500
001 - CONTROL NUMBER
control field 4280158
003 - CONTROL NUMBER IDENTIFIER
control field GBCCL
005 - DATE AND TIME OF LATEST TRANSACTION
control field 20241126110506.0
008 - FIXED-LENGTH DATA ELEMENTS--GENERAL INFORMATION
fixed length control field 861215s1986 ilua 000 0 eng
010 ## -
-- 85062703
020 ## - INTERNATIONAL STANDARD BOOK NUMBER
International Standard Book Number 0896932648
040 ## - CATALOGING SOURCE
Original cataloging agency DLC
Transcribing agency DLC
Modifying agency DLC
050 00 -
-- MLCS 86/13429 (B)
082 ## - DEWEY DECIMAL CLASSIFICATION NUMBER
Classification number 248.83
Item number STE
100 1# - MAIN ENTRY--PERSONAL NAME
Personal name Stearns, Bill.
9 (RLIN) 3694
245 10 - TITLE STATEMENT
Title Filling up your think tank /
Statement of responsibility, etc. Bill Stearns.
260 ## - PUBLICATION, DISTRIBUTION, ETC.
Place of publication, distribution, etc. [Wheaton, Ill.?] :
Name of publisher, distributor, etc. Victor Books,
Date of publication, distribution, etc. c1986.
300 ## - PHYSICAL DESCRIPTION
Extent 144 p. :
Other physical details ill. ;
Dimensions 18 cm.
906 ## - LOCAL DATA ELEMENT F, LDF (RLIN)
a 7
b cbc
c orignew
d u
e opcn
f 19
g y-gencatlg
942 ## - ADDED ENTRY ELEMENTS (KOHA)
Source of classification or shelving scheme Dewey Decimal Classification
Koha item type Books
Holdings
Withdrawn status Lost status Source of classification or shelving scheme Damaged status Not for loan Home library Current Library Shelving location Date acquired Total checkouts Full call number Barcode Date last seen Copy number Price effective from Koha item type
    Dewey Decimal Classification     GRACE BIBLE COLLEGE GRACE BIBLE COLLEGE Ministry & Mission 2017-12-15   248.83 STE 009311 2025-05-01 c.1 2017-12-15 Books
© Grace Bible College Library 2025